Unser Nachbar ČSSR-Staat im Herzen Europas
Salvato in:
| Autore principale: | |
|---|---|
| Natura: | Libro |
| Lingua: | tedesco |
| Pubblicazione: |
Köln
Pahl-Rugenstein
1988
|
| Edizione: | 1. Aufl. |
| Tags: |
Nessun Tag, puoi essere il primo ad aggiungerne!!
|
MARC
| LEADER | 00000nam a2200000 4500 | ||
|---|---|---|---|
| 001 | c028009 | ||
| 005 | 20221219111352.0 | ||
| 041 | 0 | |a ger | |
| 044 | |a DE | ||
| 245 | 1 | 0 | |a Unser Nachbar ČSSR-Staat im Herzen Europas |c Lorenz Knorr |
| 250 | |a 1. Aufl. | ||
| 264 | 1 | |a Köln |b Pahl-Rugenstein |c 1988 | |
| 300 | |a 247 s. | ||
| 100 | 1 | |a Knorr, Lorenz | |